[Event "Tourn. n10244"]
[Site "www.echecsemail.com"]
[Date "2020.02.21"]
[Round "1"]
[White "Libiesse"]
[Black "Francesco"]
[WhiteElo "2000"]
[BlackElo "2000"]
[Result "1-0"]
[Round "1"]
1.Ng1f3 d5
2.d4 Bc8g4
3.e3 Nb8c6
4.c4 Ng8f6
5.Bf1e2 e6
6.O-O Bf8e7
7.cxd5 Nf6xd5
8.a3 O-O
9.Nb1c3 Nd5xc3
10.bxc3 a6
11.Qd1c2 Qd8d5
12.c4 Qd5d7
13.Rf1d1 h6
14.Nf3e5 Nc6xe5
15.dxe5 Bg4f5
16.e4 Qd7c8
17.exf5 exf5
18.f4 Be7c5
19.Kh1 Qc8e6
20.Bc1b2 Qe6g6
21.Be2d3 Qg6g4
22.Rd1f1 Ra8d8
23.Bd3xf5 Qg4h5
24.g4 Qh5h3
25.Qc2c3 Qh3xc3
26.Bb2xc3 g6
27.Bf5e4 c6
28.f5 g5
29.a4 Rf8e8
30.Ra1d1 Bc5e3
31.Rf1e1 Be3f4
32.Be4c2 Kh7
33.f6 Kh8
34.e6 Rd8xd1
35.Re1xd1 Kg8
36.e7 { resign }
1-0

[Event "Tourn. n10285"]
[Site "www.echecsemail.com"]
[Date "2020.02.22"]
[Round "1"]
[White "Apdash"]
[Black "Virgil08bv"]
[WhiteElo "2260"]
[BlackElo "2740"]
[Result "0-1"]
[Round "1"]
1.e4 d6
2.Ng1f3 Ng8f6
3.Nb1c3 g6
4.d4 Bf8g7
5.Bc1g5 c6
6.Bf1c4 b5
7.Bc4b3 b4
8.Bg5xf6 exf6
9.Nc3e2 O-O
10.O-O a5
11.c3 bxc3
12.bxc3 Nb8d7
13.Bb3a4 Qd8c7
14.Ra1b1 Nd7b6
15.Ba4c2 Rf8e8
16.Ne2g3 d5
17.exd5 cxd5
18.Ng3e2 Bc8g4
19.Qd1d3 Nb6c4
20.Rb1b5 Bg4e6
21.Rf1b1 Be6f5
22.Qd3d1 Bf5xc2
23.Qd1xc2 Nc4a3
24.Qc2d3 Qc7c4
25.Qd3xc4 dxc4
26.h4 Na3xb5
27.Kf1 Nb5a3
28.Rb1d1 Ra8b8
29.d5 Na3b5
30.d6 Re8e6
31.d7 Re6d6
32.Nf3d4 Rd6xd7
33.a4 Nb5xd4
34.Ne2xd4 f5
35.Ke1 Rb8e8
36.Kf1 Bg7xd4
37.cxd4 Re8e4
38.d5 Re4xh4
39.Ke2 Rh4e4
40.Kf1 c3
41.Rd1c1 Rd7xd5
42.f3 Re4c4
{ resign }
0-1

[Event "Tourn. n10287"]
[Site "www.echecsemail.com"]
[Date "2020.02.22"]
[Round "1"]
[White "Iko"]
[Black "Dussek"]
[WhiteElo "1770"]
[BlackElo "1900"]
[Result "0-1"]
[Round "1"]
1.e4 c5
2.c4 Nb8c6
3.Nb1c3 Ng8f6
4.Bf1d3 e6
5.Ng1f3 a6
6.e5 Nf6g4
7.h3 Ng4xe5
8.Qd1e2 Ne5xd3
9.Qe2xd3 g6
10.Qd3c2 Bf8g7
11.Nc3e4 b6
12.Ne4d6 Ke7
13.Nd6e4 Rh8e8
14.d3 Kf8
15.Ne4g5 Kg8
16.O-O Bc8b7
17.Ng5e4 Nc6b4
18.Qc2a4 Nb4xd3
19.Ne4d6 Bb7xf3
20.gxf3 Re8f8
21.Nd6b7 Qd8c7
22.Rf1d1 Nd3xc1
23.Rd1xd7 Qc7f4
24.Qa4c6 Nc1e2
25.Kf1 Ne2d4
26.Qc6xb6 Qf4xf3
27.Qb6xc5 Qf3h1

0-1

[Event "Tourn. n10291"]
[Site "www.echecsemail.com"]
[Date "2020.02.22"]
[Round "1"]
[White "Picifarkinca"]
[Black "Fereike"]
[WhiteElo "1910"]
[BlackElo "1820"]
[Result "1-0"]
[Round "1"]
1.e4 c5
2.Ng1f3 Nb8c6
3.Bf1b5 g6
4.c3 Qd8b6
5.Bb5a4 Bf8g7
6.O-O d6
7.Rf1e1 Bc8d7
8.d3 e6
9.Nb1d2 Ng8e7
10.Ra1b1  { time }
1-0

[Event "Tourn. n10269"]
[Site "www.echecsemail.com"]
[Date "2020.02.22"]
[Round "1"]
[White "Krystek23"]
[Black "Seger"]
[WhiteElo "2440"]
[BlackElo "2800"]
[Result "0-1"]
[Round "1"]
1.c4 e5
2.Nb1c3 Bf8b4
3.Qd1c2 d6
4.e3 c5
5.Ng1e2 Ng8e7
6.g3 Nb8c6
7.Bf1g2 O-O
8.O-O Bc8f5
9.Nc3e4 Qd8d7
10.a3 Bb4a5
11.b3 Ra8b8
12.d3 Rf8d8
13.f4 b5
14.Ne4f2 Bf5e6
15.Ra1b1 b4
16.a4 Ba5b6
17.h3 f6
18.Bc1b2 d5
19.fxe5 fxe5
20.g4 Rd8f8
21.Ne2g3 Rb8d8
22.Qc2e2 Rf8f7
23.Ng3f5 Ne7xf5
24.gxf5 Rf7xf5
 { time }
0-1

[Event "Tourn. n10292"]
[Site "www.echecsemail.com"]
[Date "2020.02.22"]
[Round "1"]
[White "Koudelka"]
[Black "Galiany17"]
[WhiteElo "2579"]
[BlackElo "2560"]
[Result "0-1"]
[Round "1"]
1.e4 e5
2.Ng1f3 Ng8f6
3.d4 Nf6xe4
4.Bf1d3 d5
5.Nf3xe5 Nb8d7
6.O-O Nd7xe5
7.dxe5 Ne4c5
8.Rf1e1 Bf8e7
9.Bd3f1 O-O
 { time }
0-1

[Event "Tourn. n10282"]
[Site "www.echecsemail.com"]
[Date "2020.02.22"]
[Round "1"]
[White "Fereike"]
[Black "Picifarkinca"]
[WhiteElo "1820"]
[BlackElo "1910"]
[Result "0-1"]
[Round "1"]
1.e4 c5
2.Bf1c4 e6
3.Nb1c3 Nb8c6
4.Ng1f3 a6
5.a4 Qd8c7
6.O-O Bf8d6
7.h3 Nc6e5
8.Nf3xe5 Bd6xe5
9.f4 Be5d4
10.Kh1 Ng8e7
 { time }
0-1

[Event "Tourn. n10270"]
[Site "www.echecsemail.com"]
[Date "2020.02.22"]
[Round "1"]
[White "Francesco"]
[Black "Roque1"]
[WhiteElo "2000"]
[BlackElo "1850"]
[Result "1/2-1/2"]
[Round "1"]
1.e4 c5
2.c3 e6
3.d4 cxd4
4.cxd4 Nb8c6
5.a3 d5
6.e5 g6
7.Ng1f3 Bf8g7
8.Bf1b5 Bc8d7
9.O-O Ng8e7
10.Bc1g5 O-O
11.Nb1c3 a6
12.Bb5d3 Qd8b6
13.Bg5xe7 Nc6xe7
14.b4 Ne7f5
15.Bd3xf5 gxf5
16.Ra1c1 Rf8c8
17.Nf3g5 Bg7h6
18.Qd1h5 Bh6xg5
19.Qh5xg5 Kh8
20.Nc3e2 Rc8g8
21.Qg5f6 Rg8g7
22.Rc1c3 Qb6d8
23.Qf6h6 Bd7b5
24.Rf1e1 Qd8b6
25.Qh6f4 Ra8g8
26.Ne2g3 Rg7g4
27.Qf4h6 Qb6xd4
28.Qh6f6 Rg4g7
29.Rc3c7 Qd4d2
30.Re1c1 Bb5c4
31.Rc1a1 Qd2b2
32.Ra1e1 Qb2d2
33.Re1a1 Qd2b2
34.Ra1e1 Qb2d2
35.Re1b1 { draw }
1/2-1/2

[Event "Tourn. n10283"]
[Site "www.echecsemail.com"]
[Date "2020.02.23"]
[Round "1"]
[White "Chessdna"]
[Black "Vasylpuzanov"]
[WhiteElo "1650"]
[BlackElo "1620"]
[Result "1-0"]
[Round "1"]
1.e4 e5
2.Ng1f3 Nb8c6
3.Bf1b5 a6
4.Bb5xc6 dxc6
5.O-O Bc8g4
6.c3 c5
7.c4 Ng8f6
8.Rf1e1 Bg4xf3
9.Qd1xf3 Bf8e7
10.Nb1c3 c6
11.d3 O-O
12.Nc3e2 Qd8d7
13.h3 Qd7e6
14.g4 h6
15.g5 hxg5
{ time. }
1-0

[Event "Tourn. n10280"]
[Site "www.echecsemail.com"]
[Date "2020.02.23"]
[Round "1"]
[White "Jazzy"]
[Black "Fegatux"]
[WhiteElo "2290"]
[BlackElo "2270"]
[Result "1-0"]
[Round "1"]
1.d4 e6
2.Ng1f3 f5
3.d5 d6
4.dxe6 Bc8xe6
5.Nf3d4 Be6d7
6.e4 fxe4
7.Qd1h5 g6
8.Qh5d5 c6
9.Qd5xe4 Qd8e7
10.Bf1d3 Qe7xe4
11.Bd3xe4 Bf8g7
12.c3 Ng8f6
13.Be4f3 O-O
14.O-O Nb8a6
15.Bc1f4 Nf6e8
16.Bf4e3 d5
17.Nb1d2 Ne8f6
18.h3 Na6c5
{ time. }
1-0

[Event "Tourn. n10272"]
[Site "www.echecsemail.com"]
[Date "2020.02.23"]
[Round "1"]
[White "Johnmcbride"]
[Black "Diselman"]
[WhiteElo "1780"]
[BlackElo "1750"]
[Result "0-1"]
[Round "1"]
1.e4 c5
2.c4 e5
3.Ng1f3 Bf8d6
4.Nb1c3 Ng8f6
5.d3 h6
6.a4 Bd6c7
7.h3 Nb8c6
8.b3 O-O
9.Bc1a3 Nc6b4
10.Bf1e2 Rf8e8
11.O-O a6
12.Nc3a2 Nb4xa2
13.Ra1xa2 Qd8e7
14.Qd1d2 Nf6h5
15.g3 d6
16.Rf1b1 Bc8xh3
17.Be2f1 Bh3xf1
18.Kxf1 Qe7d7
19.Nf3g1 f5
20.Qd2e2 Nh5f6
21.f3 Nf6h5
22.Qe2h2 Qd7f7
23.Ra2f2 b5
24.Ba3c1 fxe4
25.fxe4 Qf7g6
26.Rf2f3 Ra8b8
27.Rb1b2 Bc7a5
28.Bc1d2 Ba5xd2
29.Rb2xd2 bxa4
30.bxa4 Rb8b1
31.Kf2 Re8b8
32.Ng1e2 Qg6g4
33.Ne2c3 Rb1c1
34.Nc3d5 Rc1f1
35.Kxf1 Qg4xf3
36.Ke1 Rb8b1
37.Rd2d1 Rb1xd1

0-1

[Event "Tourn. n10237"]
[Site "www.echecsemail.com"]
[Date "2020.02.23"]
[Round "1"]
[White "Ditto"]
[Black "Francesco"]
[WhiteElo "1980"]
[BlackElo "2010"]
[Result "0-1"]
[Round "1"]
1.e4 c6
2.Bf1c4 d5
3.exd5 cxd5
4.Bc4b3 Bc8f5
5.d4 e6
6.Ng1f3 Ng8f6
7.c3 Bf8d6
8.Bc1g5 Nb8d7
9.O-O O-O
10.Nb1d2 Ra8c8
11.Rf1e1 b5
12.Nf3h4 Bf5g4
13.f3 Bg4h5
14.Nd2f1 h6
15.Bg5e3 Nf6e4
16.Nf1d2 Ne4xd2
17.Qd1xd2 Qd8xh4
18.f4 Nd7f6
19.Re1f1 Nf6e4
20.Qd2c1 Bh5e2
21.Rf1e1 Be2d3
22.Qc1d1 Bd3c4
23.Bb3c2 Bd6xf4
24.Be3xf4 Qh4xf4
25.b3 Ne4f2
26.Qd1f3 Qf4xf3
27.gxf3 Nf2d3
28.Re1b1 Bc4xb3
29.Bc2xd3 Bb3c4
30.Bd3c2 Rf8e8
31.Kf2 e5
32.Bc2f5 Rc8c7
33.Rb1e1 Rc7e7
34.a3 g6
35.Bf5c2 f5
36.Re1g1 exd4
37.cxd4 Re7e2
38.Kg3 Re2xc2
39.Rg1d1 Re8e2
40.h4 Re2g2
41.Kf4 Kf7
42.Rd1e1 Rc2e2
43.Re1f1 Rg2h2
44.Ra1b1 Rh2xh4
45.Kg3 g5
46.Rf1g1 f4

0-1

[Event "Match"]
[Site "www.echecsemail.com"]
[Date "2020.02.23"]
[Round "1"]
[White "Stevep84"]
[Black "Tarasch"]
[WhiteElo "2280"]
[BlackElo "2210"]
[Result "1-0"]
[Round "1"]
1.e4 Ng8f6
2.e5 Nf6d5
3.d4 d6
4.Ng1f3 dxe5
5.Nf3xe5 g6
6.c4 Nd5b6
7.Nb1c3 Bf8g7
8.Bc1f4 O-O
9.Bf1e2 c6
10.O-O Nb8d7
11.Kh1 Nd7xe5
12.Bf4xe5 f6
13.Be5g3 Bc8e6
14.b3 Be6f7
15.Qd1d3 e5
16.dxe5 fxe5
17.Nc3e4 Qd8e7
18.Ra1d1 Ra8d8
19.Qd3c2 Bf7e6
20.c5 Nb6d5
21.Ne4d6 Rd8xd6
22.cxd6 Qe7xd6
23.a3 a6
24.b4 Be6f5
25.Qc2b3 Rf8d8
26.f3 Qd6c7
27.Bg3f2 Bf5e6
28.Bf2c5 Bg7f8
29.Bc5xf8 Kxf8
30.Rf1e1 Rd8e8
31.Be2c4 Nd5f4
32.Bc4xe6 Nf4xe6
33.Qb3c3 Ne6f4
34.Rd1d2 Nf4d5
35.Rd2xd5 { resign }
1-0

[Event "Tourn. n10243"]
[Site "www.echecsemail.com"]
[Date "2020.02.23"]
[Round "1"]
[White "Jazzy"]
[Black "Sorim"]
[WhiteElo "2310"]
[BlackElo "2310"]
[Result "1/2-1/2"]
[Round "1"]
1.Ng1f3 d5
2.d4 c5
3.g3 Nb8c6
4.Bf1g2 Bc8g4
5.O-O e6
6.c3 Ng8f6
7.dxc5 Bf8xc5
8.b4 Bc5b6
9.b5 Nc6a5
10.Nf3e5 Bg4f5
11.Bc1a3 Qd8c7
12.Ne5d3 Na5c4
13.Qd1b3 Nf6e4
14.Bg2xe4 Bf5xe4
15.Rf1d1 Nc4xa3
16.Qb3xa3 Qc7e7
17.Qa3xe7 Kxe7
18.Nb1d2 Be4g6
19.Nd3e5 Bg6h5
20.Nd2f3 f6
21.Ne5d3 Rh8c8
22.Nd3f4 Bh5e8
23.a4 a6
24.Ra1b1 axb5
25.axb5 Rc8xc3
26.Rd1xd5 g5
27.Rd5d3 Rc3c5
28.Nf4g2 Be8g6
29.Ng2e1 Bg6xd3
30.Ne1xd3 Rc5c2
31.Kf1 e5
32.Nd3b4 Rc2c5
33.Nb4d3 Rc5d5
34.Nd3b4 Rd5xb5
35.Nb4d5 Rb5xd5
36.Rb1xb6 g4
37.Rb6xb7 Ke6
38.Nf3h4 h6
39.f4 exf4
40.Nh4g6 Ra8a1
41.Kf2 fxg3
42.hxg3 Rd5d1
43.Ng6f4 Kf5
44.Rb7b5 Ke4
45.Rb5b4 Rd1d4
46.Rb4b6 Ke5
47.Rb6b5 Kd6
48.Rb5b6 Ke7
49.Rb6b7 Ke8
50.Ke3 Rd4d7
51.Rb7b8 Kf7
52.Rb8b2 Ra1a3
53.Kf2 Ra3a7
{ draw }
1/2-1/2

[Event "Tourn. n10289"]
[Site "www.echecsemail.com"]
[Date "2020.02.23"]
[Round "1"]
[White "Euwe1983"]
[Black "Agmdiazj"]
[WhiteElo "1289"]
[BlackElo "2009"]
[Result "0-1"]
[Round "1"]
1.e4 c5
2.Nb1a3 d6
3.Ng1f3 e6
4.d4 cxd4
5.Nf3xd4 Ng8f6
6.Bf1b5 Bc8d7
7.f3 Bf8e7
8.c4 O-O
9.g4 a6
10.Bb5xd7 Nf6xd7
11.f4 Be7h4
12.Kf1 Nb8c6
13.f5 Qd8b6
{ resign }
0-1

[Event "Tourn. n10290"]
[Site "www.echecsemail.com"]
[Date "2020.02.23"]
[Round "1"]
[White "Churrasca"]
[Black "Koudelka"]
[WhiteElo "2320"]
[BlackElo "2529"]
[Result "1-0"]
[Round "1"]
1.e4 e5
2.Ng1f3 Ng8f6
3.Nf3xe5 Qd8e7
4.d4 d6
5.Ne5f3 Qe7xe4
6.Bf1e2 Bf8e7
7.Nb1c3 Qe4g4
8.O-O O-O
9.Rf1e1 Rf8e8
10.h3 Qg4d7
11.Be2d3 Qd7d8
12.Bc1g5  { time }
1-0

[Event "Tourn. n10266"]
[Site "www.echecsemail.com"]
[Date "2020.02.23"]
[Round "1"]
[White "Fantomas"]
[Black "Ff333"]
[WhiteElo "2210"]
[BlackElo "2020"]
[Result "1-0"]
[Round "1"]
1.e4 e5
2.Ng1f3 d6
3.d4 Bc8g4
4.Bf1e2 f6
5.h3 Bg4h5
6.Nf3h4 Bh5xe2
7.Qd1xe2 a6
8.d5 Ng8e7
9.O-O c6
10.Nb1c3 g6
11.Bc1e3 Bf8g7
12.Ra1d1 O-O
13.Nc3a4 Ne7c8
14.c4 c5
15.Na4c3 Nc8b6
16.b3 Nb8d7
17.Qe2g4 Qd8e8
18.f4 Bg7h6
19.Nh4f5 Bh6g7
20.Nf5xd6 Qe8b8
21.Qg4e6 Kh8
22.Nd6f7 Kg8
23.Nf7xe5 Kh8
24.Ne5xd7 Nb6xd7
25.Qe6xd7 b6
26.Nc3a4 Rf8d8
27.Qd7g4 Qb8d6
28.f5 g5
29.Rf1f3 Bg7f8
30.h4 h6
31.hxg5 fxg5
32.Rf3h3 Kg8
33.Rd1f1 Qd6f6
34.Be3d2 Qf6d4
35.Bd2e3 Qd4f6
36.Kh1 Kf7
37.Rf1e1 Ra8a7
38.Be3d2 Ra7e7
39.Bd2c3 Qf6d6
40.Qg4h5 Kg8
41.f6 Re7h7
42.Qh5g6 Kh8
43.f7 Bf8g7
44.Bc3xg7 Rh7xg7
45.Rh3xh6 { resign }
1-0

[Event "Tourn. n10288"]
[Site "www.echecsemail.com"]
[Date "2020.02.23"]
[Round "1"]
[White "Tartan"]
[Black "Koudelka"]
[WhiteElo "2440"]
[BlackElo "2479"]
[Result "1-0"]
[Round "1"]
1.e4 Ng8f6
2.e5 Nf6d5
3.d4 Nb8c6
4.c4 Nd5b6
5.d5 Nc6b4
6.c5 Nb6xd5
7.a3 e6
8.axb4 Qd8h4
9.Ra1a4 Nd5xb4
10.Bc1e3  { time }
1-0

[Event "Match"]
[Site "www.echecsemail.com"]
[Date "2020.02.23"]
[Round "1"]
[White "Gambitmiau"]
[Black "Patriciomeza"]
[WhiteElo "1810"]
[BlackElo "1809"]
[Result "0-1"]
[Round "1"]
1.e4 Ng8f6
2.e5 Nf6d5
3.Bf1c4 Nd5b6
4.Bc4b3 d6
5.Ng1f3 Nb8c6
6.exd6 cxd6
7.O-O d5
8.a3 Bc8g4
9.c3 Nc6e5
10.h3 Ne5xf3
11.gxf3 Bg4xh3
12.Rf1e1 { time. }
0-1

[Event "Tourn. n10272"]
[Site "www.echecsemail.com"]
[Date "2020.02.23"]
[Round "1"]
[White "Madz123456"]
[Black "Johnmcbride"]
[WhiteElo "1770"]
[BlackElo "1780"]
[Result "1-0"]
[Round "1"]
1.e4 e5
2.Ng1f3 d6
3.d4 exd4
4.Qd1xd4 c5
5.Qd4d3 a6
6.Bc1f4 Bf8e7
7.Nb1c3 Ng8f6
8.O-O-O O-O
9.Bf4xd6 Nb8d7
10.e5 Nf6e8
11.Bd6xe7 Qd8xe7
12.Nc3d5 Qe7e6
13.Nf3g5 Qe6h6
14.Qd3e3 Nd7xe5
15.Qe3xe5 f6
16.Nd5e7 Kh8
17.Qe5xc5 fxg5
18.Ne7g6 hxg6
19.Qc5xf8 Kh7
20.Qf8xe8 g4
21.Kb1 Qh6f4
22.Rd1d8 Kh6
23.h4 gxh3
24.Bf1d3 Bc8f5
25.Rh1xh3 Kg5
26.Qe8e7 Kg4
27.Rh3h4 
1-0

[Event "Tourn. n10300"]
[Site "www.echecsemail.com"]
[Date "2020.02.23"]
[Round "1"]
[White "Estonia"]
[Black "Agmdiazj"]
[WhiteElo "1920"]
[BlackElo "2009"]
[Result "0-1"]
[Round "1"]
1.b3 d5
2.Bc1b2 e6
3.e4 dxe4
4.Nb1c3 Ng8f6
5.f4 Bf8d6
6.g3 b6
7.Bf1g2 Bc8b7
8.Qd1e2 Nb8d7
9.Nc3xe4 Nf6xe4
10.Bg2xe4 Bb7xe4
11.Ng1f3 Be4xf3
12.Qe2xf3 O-O
13.O-O-O Nd7f6
14.d4 a5
15.a4 Qd8e7
16.Rh1e1 Bd6a3
17.Qf3c3 Nf6d5
18.Qc3f3 Ba3xb2
19.Kxb2 Qe7f6
20.c4 Nd5b4
21.Qf3c3 Rf8d8
22.d5 Qf6xc3
23.Kxc3 exd5
24.cxd5 Nb4xd5
25.Kc2 Nd5b4
26.Kb1 Kf8
27.Kb2 Nb4d3
28.Rd1xd3 Rd8xd3
{ resign }
0-1

[Event "1/64 Finale"]
[Site "www.chess-mail.com"]
[Date "2020.02.23"]
[Round "1"]
[White "Reignblowcan"]
[Black "Vasylpuzanov"]
[WhiteElo "2640"]
[BlackElo "1590"]
[Result "1-0"]
[Round "1"]
1.Ng1f3 d5
2.e3 Ng8f6
3.d4 Bc8g4
4.c4 c6
5.h3 Bg4h5
6.g4 Bh5g6
7.Nb1c3 e6
8.Nf3e5 Nb8d7
9.h4 h6
10.Ne5xg6 fxg6
11.Bf1d3 Kf7
12.cxd5 exd5
13.Qd1c2 Bf8e7
{ time. }
1-0

[Event "Match"]
[Site "www.echecsemail.com"]
[Date "2020.02.24"]
[Round "1"]
[White "Ericleo1980"]
[Black "Roma753"]
[WhiteElo "2000"]
[BlackElo "2190"]
[Result "1-0"]
[Round "1"]
1.e4 e6
2.d4 d5
3.Nb1c3 Ng8f6
4.Bc1g5 Bf8b4
5.e5 h6
6.Bg5d2 Bb4xc3
7.bxc3 Nf6e4
8.Qd1g4 Ne4xd2
9.Qg4xg7 { resign }
1-0

[Event "Match"]
[Site "www.echecsemail.com"]
[Date "2020.02.24"]
[Round "1"]
[White "Apdash"]
[Black "Roma753"]
[WhiteElo "2150"]
[BlackElo "2190"]
[Result "1-0"]
[Round "1"]
1.e4 e6
2.Ng1f3 d5
3.exd5 exd5
4.d4 Bf8d6
5.c4 Ng8f6
6.cxd5 Nf6xd5
7.Nb1c3 Nd5xc3
8.bxc3 O-O
9.Bf1e2 Bc8g4
10.O-O Rf8e8
11.h3 Bg4h5
12.Bc1g5 f6
13.Bg5e3 Nb8d7
14.Qd1b3 Bh5f7
15.Qb3xb7 a5
16.c4 Ra8b8
17.Qb7a6 Rb8a8
18.Qa6c6 a4
19.c5 Bd6e7
20.Rf1d1 Bf7g6
21.Be2b5 { resign }
1-0

[Event "Tourn. n10283"]
[Site "www.echecsemail.com"]
[Date "2020.02.24"]
[Round "1"]
[White "Koudelka"]
[Black "Vasylpuzanov"]
[WhiteElo "1809"]
[BlackElo "1620"]
[Result "0-1"]
[Round "1"]
1.e4 e5
2.Ng1f3 Nb8c6
3.Bf1c4 Bf8c5
4.O-O Ng8f6
5.Nb1c3 d6
6.Nc3a4 Bc5b6
7.Na4xb6 axb6
8.d4 Bc8g4
9.c3 O-O
10.d5 Nc6e7
 { time }
0-1

[Event "Match"]
[Site "www.echecsemail.com"]
[Date "2020.02.24"]
[Round "1"]
[White "Patriciomeza"]
[Black "Aiko1603"]
[WhiteElo "1809"]
[BlackElo "2090"]
[Result "1-0"]
[Round "1"]
1.e4 c5
2.Ng1f3 Nb8c6
3.d4 cxd4
4.Nf3xd4 g6
5.Nb1c3 Bf8g7
6.Bc1e3 d6
7.Qd1d2 Ng8f6
8.f3 O-O
9.Bf1c4 Nc6e5
10.Bc4b3 a5
11.O-O-O Bc8d7
12.a4 Ne5c6
13.Nd4b5 Nc6b4
14.g4 Bd7xb5
15.Nc3xb5 Nf6d7
16.c3 Qd8c8
17.h4 Nd7e5
18.h5 Ne5xf3
19.Qd2g2 Nf3e5
20.hxg6 Nb4d3
21.Kb1 Nd3c5
22.Qg2h2 h6
23.Be3xh6 Ne5xg4
24.gxf7 Rf8xf7
25.Bb3xf7 Kxf7
26.Qh2h5 Kg8
27.Bh6xg7 Kxg7
28.Qh5g5 { resign }
1-0

[Event "Tourn. n10295"]
[Site "www.echecsemail.com"]
[Date "2020.02.24"]
[Round "1"]
[White "Francesco"]
[Black "Fantomas"]
[WhiteElo "2040"]
[BlackElo "2190"]
[Result "0-1"]
[Round "1"]
1.e4 e5
2.Ng1f3 Nb8c6
3.Bf1b5 a6
4.Bb5a4 b5
5.Ba4b3 h6
6.O-O Ng8f6
7.Rf1e1 Bf8c5
8.c3 O-O
9.d4 exd4
10.cxd4 Bc5b4
11.Nb1c3 d6
12.a3 Bb4a5
13.Bc1d2 Bc8g4
14.Ra1c1 Nc6xd4
15.h3 Nd4xf3
16.gxf3 Bg4xh3
17.Kh2 Bh3d7
18.Re1g1 Nf6xe4
19.Nc3xe4 Qd8h4
{ resign }
0-1

[Event "Match"]
[Site "www.echecsemail.com"]
[Date "2020.02.25"]
[Round "1"]
[White "Add"]
[Black "Geodad5"]
[WhiteElo "2080"]
[BlackElo "2080"]
[Result "1/2-1/2"]
[Round "1"]
1.e4 c5
2.Bf1c4 d6
3.Nb1c3 Nb8c6
4.d3 Ng8f6
5.Nc3d5 e6
6.Nd5xf6 Qd8xf6
7.c3 Bf8e7
8.Ng1f3 h6
9.a3 O-O
10.h3 e5
11.Bc1e3 Bc8e6
12.Bc4xe6 Qf6xe6
13.c4 f5
14.exf5 Rf8xf5
15.O-O Ra8f8
16.Nf3d2 h5
17.Nd2e4 g5
18.Qd1xh5 Nc6d4
19.Qh5g4 Qe6h6
20.Ne4g3 Rf5f7
21.Ra1c1 Rf7g7
22.Be3xd4 cxd4
23.Ng3f5 Rf8xf5
24.Qg4xf5 g4
25.Kh2 Be7g5
26.Rc1c2 Bg5f4
27.Kh1 gxh3
28.Qf5xh3 Qh6g6
29.Kg1 Rg7h7
30.Qh3c8 Kf7
31.Qc8xb7 Kf6
32.Qb7f3 Qg6h6
33.Qf3h3 Qh6g6
34.Qh3f3 Qg6h6
{ draw }
1/2-1/2

[Event "Match"]
[Site "www.echecsemail.com"]
[Date "2020.02.25"]
[Round "1"]
[White "Whitekknight"]
[Black "Gambitmiau"]
[WhiteElo "1850"]
[BlackElo "1810"]
[Result "1-0"]
[Round "1"]
1.e4 Nb8c6
2.d4 d5
3.e5 Bc8f5
4.c3 e6
5.Ng1f3 Bf8e7
6.Bf1d3 Bf5g4
7.Nb1d2 Ng8h6
8.h3 Bg4f5
9.Bd3xf5 Nh6xf5
10.Nf3h2 f6
11.exf6 Be7xf6
12.Nh2g4 O-O
13.Qd1e2 e5
14.dxe5 Rf8e8
15.O-O Nc6xe5
16.Ng4xe5 Bf6xe5
17.Qe2g4 Re8f8
18.Nd2f3 Qd8d6
19.Nf3xe5 Qd6xe5
20.Bc1f4 Qe5f6
21.Bf4g5 Qf6b6
22.b3 h6
23.Bg5f4 h5
24.Qg4f3 Qb6g6
25.Qf3xd5 Kh7
26.Bf4xc7 Nf5h4
27.Bc7g3 Nh4f5
28.Bg3f4 Ra8d8
29.Qd5xb7 Rf8f7
30.Qb7f3 Nf5h4
31.Qf3g3 Rf7xf4
32.Qg3xg6 Kxg6
33.Ra1e1 Rd8d5
34.Re1e3 Rd5g5
35.Kh1 Nh4xg2
36.Re3d3 Rf4h4
37.Kh2 Ng2f4
38.Rd3f3 Rg5g2
39.Kh1 Rg2g5
40.Kh2 Nf4xh3
41.Rf3xh3 Rh4g4
42.Rh3g3 Rg5a5
43.Rg3xg4 hxg4
44.Rf1a1 Kg5
45.Kg3 Ra5f5
46.c4 Rf5f3
47.Kg2 Rf3c3
48.Kf1 Rc3h3
49.Ke2 Rh3h2
50.Ra1g1 Kf4
51.Kf1 Kf3
52.Rg1g3 Kf4
53.c5 Rh2h1
54.Rg3g1 Rh1h6
55.b4 Rh6c6
56.Kg2 a5
57.a3 axb4
58.axb4 g5
59.Rg1d1 Kf5
60.Kg3 Rc6a6
61.b5 Ra6a3
62.Kg2 Kf4
63.Rd1d4 Ke5
64.Rd4d2 Ra3a5
65.Rd2b2 Kd5
66.b6 Ra5a8
67.Rb2c2 Kc6
68.Kg3 Ra8a4
69.Rc2b2 Kb7
70.c6 Kxc6
71.b7 Ra4f4
72.b8Q { resign }
1-0

[Event "Tourn. n10302"]
[Site "www.echecsemail.com"]
[Date "2020.02.25"]
[Round "1"]
[White "Patriciomeza"]
[Black "Add"]
[WhiteElo "2379"]
[BlackElo "2080"]
[Result "1-0"]
[Round "1"]
1.e4 e5
2.Ng1f3 Nb8c6
3.Bf1b5 Ng8f6
4.Nb1c3 Nc6d4
5.O-O Nd4xf3
6.Qd1xf3 c6
7.Bb5e2 d6
8.Rf1d1 Bf8e7
9.d4 exd4
10.Rd1xd4 Qd8b6
11.Rd4d1 Nf6d7
12.Bc1e3 Qb6xb2
13.Be3d4 Nd7e5
14.Qf3g3 Rh8g8
15.Nc3d5 Qb2xc2
16.Nd5xe7 Kxe7
17.Bd4xe5 Qc2xe2
18.Be5xd6 Ke8
19.Bd6b8 Qe2g4
20.Qg3c7 { resign }
1-0

[Event "Tourn. n10205"]
[Site "www.echecsemail.com"]
[Date "2020.02.25"]
[Round "1"]
[White "Jerome"]
[Black "Rons"]
[WhiteElo "2570"]
[BlackElo "2640"]
[Result "1-0"]
[Round "1"]
1.e4 c5
2.Ng1f3 d6
3.d4 cxd4
4.Nf3xd4 Ng8f6
5.Nb1c3 a6
6.Bc1g5 e6
7.f4 h6
8.Bg5h4 Qd8b6
9.Qd1d2 Qb6xb2
10.Ra1b1 Qb2a3
11.e5 dxe5
12.fxe5 g5
13.Bh4g3 Nf6h5
14.Nc3e4 Qa3xa2
15.Rb1b3 Nb8d7
16.Bf1e2 Qa2a1
17.Be2d1 Nd7c5
18.Ne4xc5 Nh5xg3
19.hxg3 Bf8xc5
20.c3 b5
21.O-O Qa1a5
22.Bd1h5 O-O
23.Kh2 Bc5xd4
24.Qd2xd4 Qa5a2
25.Rb3b4 Bc8b7
26.Rf1f2 Qa2d5
27.Qd4b6 Qd5c6
28.Qb6e3 Ra8d8
29.Rb4g4 Kh7
30.Qe3c1 Rd8d7
31.Qc1c2 Kg7
32.Rf2f6 Rd7d3
33.Qc2f2 Qc6xg2
34.Qf2xg2 Bb7xg2
35.Kxg2 Rd3xc3
36.Rf6f2 a5
37.Rg4d4 Rc3c7
38.Rd4d6 Rf8a8
39.Rd6b6 b4
40.Rb6b5 Rc7d7
41.Rf2a2 f5
42.exf6 Kxf6
43.Bh5e2 Rd7d8
44.Kf2 h5
45.Be2xh5 Rd8d5
46.Rb5b7 Ra8h8
47.Bh5f3 Rh8h2
48.Bf3g2 Rd5f5
49.Kg1 Rh2h8
50.Ra2e2 Rh8c8
51.Bg2h3 Rf5e5
52.Re2f2 Kg6
53.Rb7b6 Rc8e8
54.Bh3g4 Re8e7
55.Kg2 Kh7
56.Rf2a2 Kg7
57.Ra2a1 Kf6
58.Rb6a6 b3
59.Ra6b6 Re5e4
60.Bg4f3 Re4e3
61.Ra1a3 a4
62.Ra3xa4 Re7c7
63.Bf3c6 Rc7c8
64.Ra4d4 b2
65.Rd4c4 Re3e2
66.Kf3 Re2d2
67.Bc6d5 Rd2d3
68.Kf2 Rc8f8
69.Bd5e4 Ke5
70.Kg2 Rd3d2
71.Kh3 Rf8f2
72.Rc4b4 Rd2e2
73.Be4b1 Rf2h2
74.Kg4 Rh2g2
75.Rb4b5 Kf6
76.Rb5f5 Ke7
77.Rf5f3 Re2d2
78.Kxg5 Rd2d6
79.Rb6b4 Rd6d1
80.Bb1e4 Rg2e2
81.Be4d3 { resign }
1-0

[Event "Tourn. n10272"]
[Site "www.echecsemail.com"]
[Date "2020.02.25"]
[Round "1"]
[White "Roque1"]
[Black "Madz123456"]
[WhiteElo "1850"]
[BlackElo "1770"]
[Result "0-1"]
[Round "1"]
1.e4 c5
2.Ng1f3 Nb8c6
3.Bf1b5 g6
4.Nb1c3 Nc6d4
5.Nf3xd4 cxd4
6.Nc3e2 Ng8f6
7.Ne2xd4 Nf6xe4
8.d3 Ne4d6
9.O-O Qd8b6
10.Qd1g4 h5
11.Qg4f4 Bf8g7
12.Bc1e3 e5
13.Qf4h4 exd4
14.Be3xd4 Bg7xd4
15.Ra1e1 Kf8
16.Qh4e7 Kg7
17.Bb5a4 Rh8e8
18.Qe7h4 Nd6f5
19.Qh4f4 Re8xe1
20.Rf1xe1 Qb6b4
21.c3 Qb4xa4
22.cxd4 Qa4xa2
23.Qf4e5 f6
24.Qe5e8 Qa2xb2
25.h3 Qb2xd4
26.Re1e3 Nf5xe3
27.fxe3 Qd4e5
28.Qe8d8 Qe5xe3
29.Kh2 Qe3e5
30.Kg1 b6
31.Kf2 Qe5d6
32.Ke3 Bc8b7
33.Qd8xa8 Qd6g3
34.Kd2 Bb7xa8
35.h4 Qg3xg2
36.Kc3 Ba8d5
37.d4 Qg2e2
38.Kb4 Qe2b2
39.Ka4 Bd5c6

0-1

[Event "Match"]
[Site "www.echecsemail.com"]
[Date "2020.02.25"]
[Round "1"]
[White "Gambitmiau"]
[Black "Coraza"]
[WhiteElo "1830"]
[BlackElo "1720"]
[Result "0-1"]
[Round "1"]
1.e4 e5
2.d4 exd4
3.c3 dxc3
4.Nb1xc3 Nb8c6
5.Bf1b5 Nc6e5
6.Ng1f3 Ne5g6
7.O-O Bf8e7
8.Nc3d5 c6
9.Nd5xe7 Ng8xe7
10.Bb5c4 O-O
11.Nf3g5 h6
12.Ng5xf7 Rf8xf7
13.Bc4xf7 Kxf7
14.Qd1f3 Kg8
15.Qf3b3 Kh8
16.Bc1e3 a5
17.f4 b5
18.Qb3f7 Kh7
19.Be3d4 Qd8g8
20.Qf7xg8 Kxg8
21.f5 Ng6f8
22.Bd4c5 Kf7
23.Bc5d4 Bc8b7
24.f6 Ne7g6
25.fxg7 Kg8
26.h4 Nf8e6
27.Bd4f6 c5
28.h5 Ng6f4
29.Ra1d1 Bb7xe4
30.g3 Nf4xh5
31.Bf6e5 Ne6xg7
32.Rd1xd7 Be4f5
33.Rd7d5 Bf5h3
34.Rd5xc5 Bh3xf1
35.Kxf1 Ra8f8
36.Kg2 Rf8e8
37.Rc5xb5 Ng7e6
38.Rb5xa5 Ne6g5
39.g4 Nh5g7
40.Kg3 Ng5f7
41.Be5f4 Re8c8
42.g5 Rc8d8
43.gxh6 Ng7e8
44.Ra5h5 Rd8d3
45.Kg4 Kh7
46.Rh5f5 Nf7h8
47.Bf4e5 Nh8g6
48.Be5g7 Ne8xg7
49.hxg7 Kxg7
50.Rf5b5 Rd3d4
51.Kf5 Rd4f4
52.Kg5 Rf4f1
53.a4 Rf1g1
54.Kf5 Ng6e7
55.Kf4 Rg1h1
56.Rb5g5 Ne7g6
57.Ke4 Rh1h4
58.Kf5 Rh4h6
59.a5 Kf7
60.a6 Ng6e7
61.Kg4 Rh6xa6
62.Kh5 Ra6b6
63.Rg5g2 Rb6b5
{ resign }
0-1

[Event "Tourn. n10288"]
[Site "www.echecsemail.com"]
[Date "2020.02.25"]
[Round "1"]
[White "Mb20"]
[Black "Tartan"]
[WhiteElo "2200"]
[BlackElo "2440"]
[Result "0-1"]
[Round "1"]
1.d4 Ng8f6
2.c4 e6
3.Ng1f3 Bf8b4
4.Bc1d2 Qd8e7
5.a3 Bb4xd2
6.Nb1xd2 d6
7.e4 e5
8.d5 a5
9.Bf1e2 Nb8a6
10.O-O Na6c5
11.Qd1c2 a4
12.h3 Nf6h5
13.Nf3h2 Nh5f4
14.Be2g4 O-O
15.Bg4xc8 Ra8xc8
{ resign }
0-1